000 00961nam a2200265Ia 4500
003 OSt
005 20221005110339.0
006 a|||||r|||| 00| 0
007 ta
008 221004b |||||||| |||| 00| 0 hin d
020 _a9788193432518 (hbk)
_cINR 600.00
024 _a42948
037 _bIN-2307, 14/03/2019, Kitab Ghar Prakashan
_cTextual
040 _aCRL
_cCRL
_bhin
041 _2hin
_ahin
082 _aP, 152Q7
100 _aबाछोतिया, हीरालाल, ले.
_9158876
245 0 _aभाषा विमर्श
246 _aBhāṣhā vimarsha
260 _aनई दिल्ली
_bआर्य प्रकाशन मंडल भारत
_c2017
300 _a352पृ0
_ccm.
650 _aभाषाशास्त्र
942 _hP, 152Q7
_cTEXL
_2cc
999 _c1018533
_d1018533